Statistiques concernant Cassez le code! (niveau 1 - pays)

Cliquez ici pour prendre le quiz!

Statistiques générales

  • Ce quiz a été pris 649 fois
  • Le résultat moyen est 6 sur 10

Statistiques - réponses

IndiceRépondreIndice 2% Correct
Pays qui a le SphinxEgypte(2)
98%
Célèbre pour ses dieux et déessesGrèce(5)
91%
D'où vient Lionel MessiArgentine(1)
89%
Pays qui accueillera la Coupe du monde de football de 2022Qatar(3)
80%
Seul pays dont le drapeau n'est pas rectangulaire ou carréNépal(5)
69%
Deuxième plus petit pays par superficieMonaco(4)
66%
La capitale est DjoubaSoudan du sud(3)
40%
Pays très connu pour les dodosMaurice(1)
39%
QU'EST-CE QUE LE PAYSGuatemala
35%
Pays avec le taux d'obésité le plus élevéNauru(2)
24%

Distribution des résultats

Percentile par nombre de réponses

% des personnes avec chaque résultat

Votre développement - résultats

Vous n’avez pas pris ce quiz